000 00961cab a2200217 4500
001 ABS39250
008 090401t1988 xxu||||| |||| 00| 0 eng d
035 _a(Sirsi) u15437
041 _aeng
100 _aPlimmer, F.
245 _aRating valuations - retail properties
260 _c1988
350 _a0
490 _aRating and Valuation
_vMay 1988, 141-143(3)
520 _aConsiders the valuation of retail properties, explaining how they will be valued for the 1990 non-domestic rating lists. Looks at the factors which will be considered, including zoning, ancillary accommodation, disability factors, quantity allowances, allowance for shape, return frontages and the use of an overall price per square metre for calculating retail valuations. Concludes with a checklist for the rating valuation of retail properties.
650 _aREVALUATION
690 _aRATING AND VALUATION
700 _aGronow, S.
942 _n0
948 _c04/03/1997
999 _c10123
_d10123